Manual de gestión de recursos humanos en las administraciones públicas /

La primera parte de la obra persigue familiarizar a los lectores con los elementos conceptuales imprescindibles para entender y situar en contexto las técnicas empleadas en la gestión de RRHH en la administración publica. En la segunda parte, se explican todo un conjunto de técnicas, procedimientos...

Full description

Bibliographic Details
Main Author: Villoria Mendieta, Manuel
Other Authors: del Pino Matute, Eloísa
Format: Libro
Language:Spanish
Published: Madrid Tecnos 2000
Edition:2a. ed.
Subjects:
Online Access:

MARC

LEADER 00000cam a2200000 a 4500
001 018955
003 UAHC_CL
005 20170803121708.0
008 080320s2000 sp 000 spa
020 |a 8430936009 
040 |a UAHC_CL  |c UAHC_CL  |d UAHC_CL 
082 0 4 |a 658.3  |b V759  |2 20 
100 1 |a Villoria Mendieta, Manuel 
245 1 0 |a Manual de gestión de recursos humanos en las administraciones públicas /  |c Manuel Villoria Mendieta, Eloísa del Pino Matute. 
250 |a 2a. ed. 
260 |b Tecnos  |c 2000  |a Madrid 
300 |a 451 p. 
520 |a La primera parte de la obra persigue familiarizar a los lectores con los elementos conceptuales imprescindibles para entender y situar en contexto las técnicas empleadas en la gestión de RRHH en la administración publica. En la segunda parte, se explican todo un conjunto de técnicas, procedimientos y sistemas con los que atraer, retener y motivar a la fuerza de trabajo que necesita la administración pública. Incluye casos prácticos y ejercicios. 
650 4 |a RECURSOS HUMANOS  |v MANUALES 
650 4 |a GESTION PUBLICA  |x RECURSOS HUMANOS 
653 |a ADMINISTRACION PUBLICA 
700 1 |a del Pino Matute, Eloísa 
900 |a 658.3 VILM 
942 |c BK 
952 |0 0  |1 0  |2 ddc  |4 0  |6 658_300000000000000_VILM  |7 0  |8 COMP  |9 38014  |a BC  |b BC  |c General  |d 2017-08-03  |l 0  |o 658.3 VILM  |p 1362284  |r 2026-01-13 00:00:00  |t c.1  |w 2017-08-03  |y BK 
952 |0 0  |1 0  |2 ddc  |4 0  |6 658_300000000000000_VILM  |7 0  |8 COMP  |9 38015  |a BC  |b BC  |c General  |d 2017-08-03  |l 0  |o 658.3 VILM  |p 1362285  |r 2026-01-13 00:00:00  |t c.2  |w 2017-08-03  |y BK 
999 |c 18955  |d 18955